Tomorrow's countryside (Record no. 108468)

MARC details
000 -LEADER
fixed length control field 02713cam a22004095a 4500
001 - CONTROL NUMBER
control field L144363
008 - FIXED-LENGTH DATA ELEMENTS--GENERAL INFORMATION
fixed length control field 080715s1995 xxko f 000 0 eng d
020 ## - INTERNATIONAL STANDARD BOOK NUMBER
International Standard Book Number 0854066888
035 ## - SYSTEM CONTROL NUMBER
System control number (Sirsi) u144363
041 0# - LANGUAGE CODE
Language code of text/sound track or separate title eng
050 04 - LIBRARY OF CONGRESS CALL NUMBER
Classification number 711.558 $2 18
110 2# - MAIN ENTRY--CORPORATE NAME
Corporate name or jurisdiction name as entry element Royal Institution of Chartered Surveyors
9 (RLIN) 4900
245 00 - TITLE STATEMENT
Title Tomorrow's countryside
Remainder of title a rural strategy
260 ## - PUBLICATION, DISTRIBUTION, ETC.
Place of publication, distribution, etc. London
Name of publisher, distributor, etc. RICS
Date of publication, distribution, etc. 1995
300 ## - PHYSICAL DESCRIPTION
Extent 33p.
Other physical details ill.
Dimensions 30cm.
505 2# - FORMATTED CONTENTS NOTE
Formatted contents note Summary and recommendations: future agricultural policy -- Sustaining rural communities -- Conserving the rural environment -- Delivering the strategy
505 2# - FORMATTED CONTENTS NOTE
Formatted contents note Future agricultural policy: changing priorities -- The common agricultural policy: a flawed policy -- A new policy -- Key principles of a new policy -- Recommendations for policy development
505 2# - FORMATTED CONTENTS NOTE
Formatted contents note Sustaining rural communities: introduction -- Town and country -- Employment and enterprise -- Transport -- Housing -- Design in the countryside -- Access -- Village shops -- Village schools/community centres
505 2# - FORMATTED CONTENTS NOTE
Formatted contents note Conserving the rural environment: introduction -- Environmental acounting -- Agri-environmental measures -- Excessive use of chemicals -- Energy -- Land and waste pollution -- Despoiled landscapes -- Regional/local diversity -- Minerals -- Environmental education
505 2# - FORMATTED CONTENTS NOTE
Formatted contents note Delivering the strategy: introduction -- Implementation of a national strategy -- Regional guidance -- Rural strategy plans -- Whole farm/estate plans -- Guidance, advice and enabling measures
520 ## - SUMMARY, ETC.
Summary, etc. This document sets out a broad vision for policy change in relation to guiding change in the countryside in England and Wales. It is a cross-party document that seeks to provide impetus for improvements in the cohesion and direction of countryside policy development.
521 ## - TARGET AUDIENCE NOTE
Target audience note Advanced
650 24 - SUBJECT ADDED ENTRY--TOPICAL TERM
Topical term or geographic name entry element PLANNING POLICY GUIDANCE NOTE 1 (PLANNING PRINCIPLES)
650 24 - SUBJECT ADDED ENTRY--TOPICAL TERM
Topical term or geographic name entry element PLANNING POLICY GUIDANCE NOTE 3 (HOUSING)
650 24 - SUBJECT ADDED ENTRY--TOPICAL TERM
Topical term or geographic name entry element PLANNING POLICY GUIDANCE NOTE 4 (INDUSTRIAL AND COMMERCIAL DEVELOPMENT)
650 24 - SUBJECT ADDED ENTRY--TOPICAL TERM
Topical term or geographic name entry element PLANNING POLICY GUIDANCE NOTE 6 (SHOPPING)
650 24 - SUBJECT ADDED ENTRY--TOPICAL TERM
Topical term or geographic name entry element PLANNING POLICY GUIDANCE NOTE 7 (COUNTRYSIDE AND THE RURAL ECONOMY)
650 24 - SUBJECT ADDED ENTRY--TOPICAL TERM
Topical term or geographic name entry element PLANNING POLICY GUIDANCE NOTE 9 (NATURE CONSERVATION)
650 24 - SUBJECT ADDED ENTRY--TOPICAL TERM
Topical term or geographic name entry element PLANNING POLICY GUIDANCE NOTE 12 (DEVELOPMENT PLANS AND REGIONAL PLANNING GUIDANCE)
650 24 - SUBJECT ADDED ENTRY--TOPICAL TERM
Topical term or geographic name entry element PLANNING POLICY GUIDANCE NOTE 13 (TRANSPORT)
651 #4 - SUBJECT ADDED ENTRY--GEOGRAPHIC NAME
Geographic name England and Wales
Chronological subdivision 1543-
690 ## - LOCAL SUBJECT ADDED ENTRY--TOPICAL TERM (OCLC, RLIN)
Topical term or geographic name as entry element ENVIRONMENTAL AND LAND CONSULTANCY-AGRIBUSINESS-AGRICULTURE
710 1# - ADDED ENTRY--CORPORATE NAME
Corporate name or jurisdiction name as entry element The Royal Town Planning Institute
9 (RLIN) 2401
710 1# - ADDED ENTRY--CORPORATE NAME
Corporate name or jurisdiction name as entry element County Planning Officers Society
710 1# - ADDED ENTRY--CORPORATE NAME
Corporate name or jurisdiction name as entry element District Planning Officers' Society
9 (RLIN) 2006
942 ## - ADDED ENTRY ELEMENTS (KOHA)
Suppress in OPAC 0
Holdings
Withdrawn status Lost status Source of classification or shelving scheme Damaged status Not for loan Home library Current library Shelving location Date acquired Total Checkouts Full call number Barcode Date last seen Copy number Price effective from Koha item type
    Dewey Decimal Classification     Historic collection Historic collection RICS Boxes 15/07/2008   RICS 1995/39 30074489 06/08/2019 1 06/08/2019 Archive
    Dewey Decimal Classification     London London RICS Boxes 15/07/2008   RICS 1995/39 30074485 06/08/2019 2 06/08/2019 Book
    Dewey Decimal Classification     London London RICS Boxes 15/07/2008   RICS 1995/39 30074490 06/08/2019 3 06/08/2019 Reference material